Terrorists - Statistics

General Stats
  • This quiz has been taken 462 times
  • The average score is 5 of 15
Answer Stats
Hint Answer % Correct
Abu Bakr al-Baghdadi Islamic State
86%
Khalid Sheikh Mohammed Al-Qaeda
69%
Abdul-Malik al-Houthi Ansar Allah
57%
Hasan Nasrallah Hezbollah
38%
Mullah Omar Taliban
36%
Ahmed Yassin Hamas
34%
Martin McGuinness Provisional Irish Republican Army
33%
Abdullah Öcalan Kurdistan Workers Party
27%
Velupillai Prabhakaran Tamil Tigers
23%
Josu Urrutikoetxea Euskadi Ta Askatasuna
22%
Abubakar Shekau Boko Haram
18%
Abimael Guzman Shining Path
13%
Shoko Asahara Aum Shinrikyo
10%
George Habash Popular Front for the Liberation of Palestine
7%
Ahmad Diriye Al-Shabaab
6%
No matching quizzes found
Score Distribution
Percent of People with Each Score
Percentile by Number Answered
Your Score History
You have not taken this quiz